<La> economía de los países del centro de Europa. España y América Latina

Gespeichert in:
Bibliographische Detailangaben
1. Verfasser: Uribe Raya, Balbino
Körperschaft: Ekonomická univerzita v Bratislave. Ústav jazykov
Format: Buch
Sprache:Spanisch
Slowakisch
Veröffentlicht: Bratislava Vydavateľstvo Ekonóm 1998
Schriftenreihe:Bilingválne prednášky z ekonomických a podnikovo-hospodárskych vied
Schlagworte:
Tags: Tag hinzufügen
Keine Tags, Fügen Sie das erste Tag hinzu!

MARC

LEADER 00000nam a2200000 4500
001 c102551
005 20221123132644.4
020 |a 80-225-1011-4 
041 0 |a spa 
041 0 |a slo 
044 |a SK 
245 1 0 |a <La> economía de los países del centro de Europa. España y América Latina  |c Balbino Uribe Raya 
264 1 |a Bratislava  |b Vydavateľstvo Ekonóm  |c 1998 
300 |a [42] s. 
490 1 |a Bilingválne prednášky z ekonomických a podnikovo-hospodárskych vied 
830 0 |a Bilingválne prednášky z ekonomických a podnikovo-hospodárskych vied 
610 2 0 |a ekonómia 
610 2 0 |a školy vysoké 
610 2 0 |a hospodárstvo národné 
610 2 0 |a stredná Európa 
610 2 0 |a Španielsko 
100 1 |a Uribe Raya, Balbino 
710 2 |a Ekonomická univerzita v Bratislave. Ústav jazykov